Szczegóły MARC21

Literarische Texte in der Unterrichtspraxis. 1, Seminarbericht.

003 -Nazwa inst., której nr kontr. jest w polu 001 [,]
    • @
    • Nazwa instytucji, której n kontrolny jest w polu 001
    • NUKAT
005 -DATA I CZAS OSTATNIEJ MODYFIKACJI [,]
    • @
    • pole kontrolne
    • 20241231085824.0
040 -Instytucja sporządzająca opis [ , ]
    • a
    • Instytucja, która sporządziła opis (NP)
    • WA U/70MST
    • c
    • Instytucja, która sporządziła rekord (NP)
    • WA U/MST
    • d
    • Instytucja, która zmodyfikowała rekord (P)
    • WA U/AO
    • d
    • Instytucja, która zmodyfikowała rekord (P)
    • KAT U/JPs
942 -Rodzaj dokumentu [ , ]
    • c
    • Rodzaj dokumentu
    • Książka
245 -Strefa tytułu i oznaczenia odpowiedzialności [0,0]
    • a
    • Tytuł
    • Literarische Texte in der Unterrichtspraxis. Find
    • n
    • Oznaczenie części (P)
    • 1,
    • p
    • Nazwa części (P)
    • Seminarbericht.
260 -Strefa adresu wydawniczego [ , ]
    • a
    • Miejsce wydania (P)
    • München :
    • b
    • Nazwa wydawcy (P)
    • Goethe-Inst.,
    • c
    • Data wydania (P)
    • 1984.
300 -Strefa opisu fizycznego [ , ]
    • a
    • Określenie formy książki i/lub objętość (NP)
    • 131 s. :
    • b
    • Oznaczenie ilustracji (NP)
    • il. ;
    • c
    • Format (NP)
    • 30 cm.
336 -Typ zawartości [ , ]
    • a
    • Termin opisujący typ zawartości
    • Tekst
    • b
    • Kod określający zawartość
    • txt
    • 2
    • Źródło (terminu i kodu)
    • rdacontent
337 -Typ mediów [ , ]
    • a
    • Tryb odtwarzania
    • Bez urządzenia pośredniczącego
    • b
    • Kod typu mediów
    • n
    • 2
    • Źródło (terminu i kodu)
    • rdamedia
338 -Typ/rodzaj nośnika [ , ]
    • a
    • Hasło opisujące typ nośnika
    • Wolumin
    • b
    • Kod typu nośnika
    • nc
    • 2
    • Źródło (terminu i kodu)
    • rdacarrier
504 -Uwaga dot. bibliogr. załącznikowej [ , ]
    • a
    • Uwaga dot. bibliografii załącznikowej
    • Bibliogr. s. 131.
080 -Uniwersalna Klasyfikacja Dziesiętna [ , ]
    • a
    • Symbol klasyfikacji
    • 372.880.30::82=30
080 -Uniwersalna Klasyfikacja Dziesiętna [ , ]
    • a
    • Symbol klasyfikacji
    • :803.0-07=30
650 -Hasło przedmiotowe [ ,7]
    • a
    • Hasło przedmiotowe
    • Literatura niemiecka
    • x
    • Określnik rzeczowy
    • studia i nauczanie.
    • 2
    • Źródło terminu
    • kaba
    • 9
    • KHW
    • 117328
980 -Symbol UKD [ , ]
    • a
    • UKD
    • 372.880.30::82=30:803.0-07=30
Status udost. Sygnatura Numer inwentarzowy Lokalizacja Data inwentaryzacji
-3Magazyn - duży formatG.8290BM1995-10-30
1GERM. Nauka jęz.-literatura 08G.8287BM1995-10-30